| 000 | 00566nam a22002417a 4500 | ||
|---|---|---|---|
| 003 | OSt | ||
| 005 | 20140407143049.0 | ||
| 008 | 121114t xxu||||| |||| 00| 0 eng d | ||
| 020 | _a0439295777 | ||
| 050 |
_aPZ 7 _b.M787 1908 |
||
| 100 |
_aMontgomery. L. M. _93066 |
||
| 245 |
_aAnne of green gables / _cL.M Montgomery |
||
| 260 |
_aNew York : _bScholastic Inc., _c1908. |
||
| 300 |
_a373 p. : _c17 cm. |
||
| 521 | _aG5 | ||
| 526 | _c760 | ||
| 942 |
_2lcc _cBK |
||
| 942 | _2lcc | ||
| 999 |
_c34959 _d34959 |
||